<?xml version="1.0" encoding="UTF-8"?>
<record
    xmlns:xsi="http://www.w3.org/2001/XMLSchema-instance"
    xsi:schemaLocation="http://www.loc.gov/MARC21/slim http://www.loc.gov/standards/marcxml/schema/MARC21slim.xsd"
    xmlns="http://www.loc.gov/MARC21/slim">

  <leader>01407cam a2200313 a 4500</leader>
  <datafield tag="999" ind1=" " ind2=" ">
    <subfield code="c">77244</subfield>
    <subfield code="d">314521</subfield>
  </datafield>
  <controlfield tag="001">20799827</controlfield>
  <controlfield tag="003">OCoLC</controlfield>
  <controlfield tag="005">20190821155626.0</controlfield>
  <controlfield tag="008">891204s1990    enka     b    001 0 eng  </controlfield>
  <datafield tag="010" ind1=" " ind2=" ">
    <subfield code="a">89070688</subfield>
  </datafield>
  <datafield tag="020" ind1=" " ind2=" ">
    <subfield code="a">0471926515</subfield>
  </datafield>
  <datafield tag="020" ind1=" " ind2=" ">
    <subfield code="a">9780471926511</subfield>
  </datafield>
  <datafield tag="040" ind1=" " ind2=" ">
    <subfield code="a">DNLM/DLC</subfield>
    <subfield code="b">eng</subfield>
    <subfield code="c">DLC</subfield>
    <subfield code="d">SOS</subfield>
    <subfield code="d">NLM</subfield>
    <subfield code="d">UKM</subfield>
    <subfield code="d">UBA</subfield>
    <subfield code="d">BAKER</subfield>
    <subfield code="d">BTCTA</subfield>
    <subfield code="d">YDXCP</subfield>
    <subfield code="d">DEBBG</subfield>
    <subfield code="d">OCLCQ</subfield>
    <subfield code="d">BDX</subfield>
    <subfield code="d">GBVCP</subfield>
    <subfield code="d">OCLCF</subfield>
  </datafield>
  <datafield tag="050" ind1="0" ind2="0">
    <subfield code="a">RC78.7.U4</subfield>
    <subfield code="b">F48 1990</subfield>
  </datafield>
  <datafield tag="082" ind1=" " ind2=" ">
    <subfield code="2">23</subfield>
    <subfield code="a">616.07543</subfield>
    <subfield code="b">FPP</subfield>
  </datafield>
  <datafield tag="100" ind1="1" ind2=" ">
    <subfield code="a">Fish, Peter J.</subfield>
    <subfield code="9">74739</subfield>
  </datafield>
  <datafield tag="245" ind1="1" ind2="0">
    <subfield code="a">Physics and instrumentation of diagnostic medical ultrasound /</subfield>
    <subfield code="c">Peter Fish.</subfield>
  </datafield>
  <datafield tag="246" ind1="3" ind2=" ">
    <subfield code="a">Diagnostic medical ultrasound</subfield>
  </datafield>
  <datafield tag="260" ind1=" " ind2=" ">
    <subfield code="a">Chichester ;</subfield>
    <subfield code="a">New York :</subfield>
    <subfield code="b">Wiley ;</subfield>
    <subfield code="a">New York, NY, USA :</subfield>
    <subfield code="b">Distributed in the U.S.A., Canada, and Japan by A.R. Liss,</subfield>
    <subfield code="c">c1990.</subfield>
  </datafield>
  <datafield tag="300" ind1=" " ind2=" ">
    <subfield code="a">ix, 250 p. :</subfield>
    <subfield code="b">ill. ;</subfield>
    <subfield code="c">25 cm.</subfield>
  </datafield>
  <datafield tag="504" ind1=" " ind2=" ">
    <subfield code="a">Includes bibliographical references (p. 245) and index.</subfield>
  </datafield>
  <datafield tag="650" ind1=" " ind2="0">
    <subfield code="a">Diagnostic ultrasonic imaging.</subfield>
    <subfield code="9">74740</subfield>
  </datafield>
  <datafield tag="650" ind1=" " ind2="0">
    <subfield code="a">Diagnostic ultrasonic imaging</subfield>
    <subfield code="x">Instruments.</subfield>
    <subfield code="9">74741</subfield>
  </datafield>
  <datafield tag="650" ind1=" " ind2="2">
    <subfield code="a">Ultrasonics.</subfield>
    <subfield code="9">74742</subfield>
  </datafield>
  <datafield tag="650" ind1=" " ind2="2">
    <subfield code="a">Ultrasonography</subfield>
    <subfield code="x">instrumentation.</subfield>
    <subfield code="9">74743</subfield>
  </datafield>
  <datafield tag="650" ind1=" " ind2="2">
    <subfield code="a">Ultrasonography</subfield>
    <subfield code="x">methods.</subfield>
    <subfield code="9">74744</subfield>
  </datafield>
  <datafield tag="776" ind1="0" ind2="8">
    <subfield code="i">Online version:</subfield>
    <subfield code="a">Fish, Peter J.</subfield>
    <subfield code="t">Physics and instrumentation of diagnostic medical ultrasound.</subfield>
    <subfield code="d">Chichester ; New York : Wiley ; New York, NY, USA : Distributed in the U.S.A., Canada, and Japan by A.R. Liss, c1990</subfield>
    <subfield code="w">(OCoLC)644199707</subfield>
  </datafield>
  <datafield tag="942" ind1=" " ind2=" ">
    <subfield code="2">ddc</subfield>
    <subfield code="c">BOOK</subfield>
  </datafield>
  <datafield tag="952" ind1=" " ind2=" ">
    <subfield code="1">0</subfield>
    <subfield code="2">2019-08-21</subfield>
    <subfield code="4">0</subfield>
    <subfield code="7">0</subfield>
    <subfield code="a">616.07543 FPP</subfield>
    <subfield code="d">2019-08-21</subfield>
    <subfield code="h">CL</subfield>
    <subfield code="i">00157781</subfield>
    <subfield code="m">CL</subfield>
    <subfield code="r">2019-08-21 00:00:00</subfield>
    <subfield code="t">BOOK</subfield>
    <subfield code="w">ddc</subfield>
    <subfield code="y">0</subfield>
  </datafield>
  <datafield tag="952" ind1=" " ind2=" ">
    <subfield code="1">0</subfield>
    <subfield code="2">2019-08-21</subfield>
    <subfield code="4">0</subfield>
    <subfield code="7">0</subfield>
    <subfield code="a">616.07543 FPP</subfield>
    <subfield code="d">2019-08-21</subfield>
    <subfield code="h">CL</subfield>
    <subfield code="i">00157782</subfield>
    <subfield code="m">CL</subfield>
    <subfield code="r">2019-08-21 00:00:00</subfield>
    <subfield code="t">BOOK</subfield>
    <subfield code="w">ddc</subfield>
    <subfield code="y">0</subfield>
  </datafield>
  <datafield tag="952" ind1=" " ind2=" ">
    <subfield code="1">0</subfield>
    <subfield code="2">2019-08-21</subfield>
    <subfield code="4">0</subfield>
    <subfield code="7">0</subfield>
    <subfield code="a">616.07543 FPP</subfield>
    <subfield code="d">2019-08-21</subfield>
    <subfield code="h">CL</subfield>
    <subfield code="i">00157783</subfield>
    <subfield code="m">CL</subfield>
    <subfield code="r">2019-08-21 00:00:00</subfield>
    <subfield code="t">BOOK</subfield>
    <subfield code="w">ddc</subfield>
    <subfield code="y">0</subfield>
  </datafield>
  <datafield tag="952" ind1=" " ind2=" ">
    <subfield code="1">0</subfield>
    <subfield code="2">2019-08-21</subfield>
    <subfield code="4">0</subfield>
    <subfield code="7">0</subfield>
    <subfield code="a">616.07543 FPP</subfield>
    <subfield code="d">2019-08-21</subfield>
    <subfield code="h">AMF</subfield>
    <subfield code="i">00157784</subfield>
    <subfield code="m">AMF</subfield>
    <subfield code="r">2019-08-21 00:00:00</subfield>
    <subfield code="t">BOOK</subfield>
    <subfield code="w">ddc</subfield>
    <subfield code="y">0</subfield>
  </datafield>
  <datafield tag="952" ind1=" " ind2=" ">
    <subfield code="1">0</subfield>
    <subfield code="2">2019-08-21</subfield>
    <subfield code="4">0</subfield>
    <subfield code="7">0</subfield>
    <subfield code="a">616.07543 FPP</subfield>
    <subfield code="d">2019-08-21</subfield>
    <subfield code="h">AMF</subfield>
    <subfield code="i">00157785</subfield>
    <subfield code="m">AMF</subfield>
    <subfield code="r">2019-08-21 00:00:00</subfield>
    <subfield code="t">BOOK</subfield>
    <subfield code="w">ddc</subfield>
    <subfield code="y">0</subfield>
  </datafield>
</record>
